[Event "Pretoria Capablanca C"]
[Site "Pretoria"]
[Date "2018.05.01"]
[Round "9"]
[White "Cruywagen, Armand"]
[Black "Dykema, Dirkho"]
[Result "1/2-1/2"]
[WhiteElo "1485"]
[BlackElo "1481"]
[PlyCount "39"]
[EventDate "2018.04.26"]
[EventType "tourn"]
[EventRounds "9"]
[EventCountry "RSA"]
[SourceTitle "CBM 184 Extra"]
[Source "ChessBase"]
[SourceDate "2018.06.28"]
[SourceVersion "1"]
[SourceVersionDate "2018.06.28"]
[SourceQuality "1"]

1. e4 c6 2. d4 d5 3. exd5 cxd5 4. Bd3 Nc6 5. c3 Nf6 6. Bf4 Bg4 7. Nf3 e6 8. Nbd2 Bd6 9. Bxd6 Qxd6 10. Qe2 Qc7 11. 0-0 0-0 12. Rfe1 Rae8 13. Qe3 Nd7 14. Qg5 Bxf3 15. Nxf3 e5 16. Bxh7+ Kxh7 17. Qh5+ Kg8 18. Ng5 Nf6 19. Qh4 Nd7 20. Nf3 1/2-1/2

[Event "Pretoria Capablanca C"]
[Site "Pretoria"]
[Date "2018.04.27"]
[Round "1"]
[White "Dykema, Dirkho"]
[Black "Chueu, Calvin"]
[Result "0-1"]
[WhiteElo "1481"]
[BlackElo "1617"]
[PlyCount "52"]
[EventDate "2018.04.26"]
[EventType "tourn"]
[EventRounds "9"]
[EventCountry "RSA"]
[SourceTitle "CBM 184 Extra"]
[Source "ChessBase"]
[SourceDate "2018.06.28"]
[SourceVersion "1"]
[SourceVersionDate "2018.06.28"]
[SourceQuality "1"]

1. d4 f5 2. f4 Nf6 3. e3 e6 4. Nf3 Be7 5. Bd3 0-0 6. 0-0 b6 7. Nbd2 Bb7 8. c3 d6 9. Qb3 d5 10. Ne5 Nbd7 11. Ndf3 Ne4 12. Nxd7 Qxd7 13. Ne5 Qd6 14. Rf3 Rad8 15. Rh3 Bf6 16. Qd1 Bxe5 17. fxe5 Qe7 18. Bxe4 fxe4 19. Qh5 g6 20. Qg4 Rf5 21. Bd2 Rdf8 22. Rg3 Rf2 23. Rd1 Ba6 24. h4 Be2 25. Qh3 Bxd1 26. h5 g5 0-1

[Event "Pretoria Capablanca C"]
[Site "Pretoria"]
[Date "2018.04.27"]
[Round "2"]
[White "Van Zyl, Charlize"]
[Black "Dykema, Dirkho"]
[Result "1/2-1/2"]
[WhiteElo "1645"]
[BlackElo "1481"]
[PlyCount "50"]
[EventDate "2018.04.26"]
[EventType "tourn"]
[EventRounds "9"]
[EventCountry "RSA"]
[SourceTitle "CBM 184 Extra"]
[Source "ChessBase"]
[SourceDate "2018.06.28"]
[SourceVersion "1"]
[SourceVersionDate "2018.06.28"]
[SourceQuality "1"]

1. d4 Nf6 2. Nf3 g6 3. g3 Bg7 4. Bg2 d5 5. 0-0 0-0 6. c4 c6 7. c5 Bg4 8. Ne5 Nbd7 9. Nxg4 Nxg4 10. e4 Ngf6 11. e5 Ne8 12. f4 e6 13. Nc3 b6 14. b4 a5 15. bxa5 bxc5 16. dxc5 Qxa5 17. Ne2 Qxc5+ 18. Kh1 Nc7 19. Rf3 Rfb8 20. Rc3 Qb6 21. Qc2 c5 22. a4 Na6 23. Rca3 Nb4 24. Qd1 c4 25. Be3 Qa5 1/2-1/2

[Event "RSA-ch U16"]
[Site "Gauteng"]
[Date "2017.04.08"]
[Round "7"]
[White "Strydom, De Leon"]
[Black "Dykema, Dirkho"]
[Result "1/2-1/2"]
[WhiteElo "1389"]
[BlackElo "1459"]
[PlyCount "24"]
[EventDate "2017.04.05"]
[EventType "swiss"]
[EventRounds "11"]
[EventCountry "RSA"]
[SourceTitle "CBM 177 Extra"]
[Source "ChessBase"]
[SourceDate "2017.04.27"]
[SourceVersion "1"]
[SourceVersionDate "2017.04.27"]
[SourceQuality "1"]

1. d4 Nf6 2. Nf3 g6 3. Nbd2 Bg7 4. e4 d6 5. Bc4 0-0 6. Bb3 Qe8 7. 0-0 e5 8. dxe5 dxe5 9. Re1 Na6 10. Nc4 Nc5 11. Nfxe5 Nfxe4 12. Nd3 Qc6 1/2-1/2

[Event "Johannesburg Redpath op"]
[Site "Johannesburg"]
[Date "2016.07.16"]
[Round "7"]
[White "Waters, Anre"]
[Black "Dykema, Dirkho"]
[Result "1/2-1/2"]
[WhiteElo "1537"]
[BlackElo "1425"]
[PlyCount "53"]
[EventDate "2016.07.13"]
[EventType "swiss"]
[EventRounds "9"]
[EventCountry "RSA"]
[SourceTitle "CBM 173 Extra"]
[Source "ChessBase"]
[SourceDate "2016.08.29"]
[SourceVersion "1"]
[SourceVersionDate "2016.08.29"]
[SourceQuality "1"]

1. d4 Nf6 2. c4 g6 3. Nc3 Bg7 4. Nf3 0-0 5. Bf4 d6 6. e3 Nbd7 7. Be2 a6 8. h3 Qe8 9. 0-0 e5 10. Bh2 h5 11. Re1 Nh7 12. Rc1 f5 13. b4 g5 14. dxe5 dxe5 15. e4 f4 16. Nd2 Ndf6 17. Nd5 Qf7 18. Nf3 Ne8 19. Nd2 Nef6 20. Nb1 Kh8 21. Nbc3 Rg8 22. Nxf6 Nxf6 23. Nd5 g4 24. Nxf6 Bxf6 25. Kf1 g3 26. Bg1 Bg5 27. f3 1/2-1/2

[Event "RSA-chT U14"]
[Site "Cape Town"]
[Date "2016.01.06"]
[Round "6.2"]
[White "Dykema, Dirkho"]
[Black "Van Wyngaard, Liam"]
[Result "1/2-1/2"]
[WhiteElo "1407"]
[BlackElo "1410"]
[PlyCount "53"]
[EventDate "2016.01.04"]
[EventType "team-tourn"]
[EventRounds "7"]
[EventCountry "RSA"]
[SourceTitle "CBM 170 Extra"]
[Source "ChessBase"]
[SourceDate "2016.02.25"]
[SourceVersion "1"]
[SourceVersionDate "2016.02.25"]
[SourceQuality "1"]
[WhiteTeam "Tshwane"]
[BlackTeam "Western Province"]
[WhiteTeamCountry "RSA"]
[BlackTeamCountry "RSA"]

1. d4 Nf6 2. c4 e6 3. Nf3 b6 4. e3 Bb7 5. Be2 Bb4+ 6. Bd2 Bxd2+ 7. Nbxd2 0-0 8. Qc2 d6 9. 0-0 Nbd7 10. b4 c5 11. dxc5 dxc5 12. b5 Qc7 13. Rad1 Rad8 14. Bd3 h6 15. Be4 Nxe4 16. Nxe4 Bxe4 17. Qxe4 Nf6 18. Qe5 Qe7 19. h3 Rxd1 20. Rxd1 Rd8 21. Qa1 Rxd1+ 22. Qxd1 Qc7 23. Qd3 Nd7 24. Qe4 g6 25. Qc6 Qd8 26. Qd6 Qc8 27. Qc6 1/2-1/2

[Event "Johannesburg Tsogo Sun op"]
[Site "Johannesburg"]
[Date "2015.07.19"]
[Round "9"]
[White "Dykema, Dirkho"]
[Black "Khanyile, Wandumuzi Siphephel"]
[Result "0-1"]
[WhiteElo "1438"]
[BlackElo "1768"]
[PlyCount "84"]
[EventDate "2015.07.15"]
[EventType "swiss"]
[EventRounds "9"]
[EventCountry "RSA"]
[SourceTitle "CBM 167 Extra"]
[Source "ChessBase"]
[SourceDate "2015.09.14"]
[SourceVersion "1"]
[SourceVersionDate "2015.09.14"]
[SourceQuality "1"]

1. d4 d5 2. c4 c6 3. Nc3 Nf6 4. cxd5 Nxd5 5. e4 Nxc3 6. bxc3 g6 7. Nf3 Bg7 8. Bf4 Qa5 9. Qd2 Bg4 10. Be2 Nd7 11. 0-0 0-0 12. Rab1 b6 13. h3 Bxf3 14. Bxf3 e5 15. Be3 exd4 16. Bxd4 Ne5 17. Bxe5 Qxe5 18. c4 Qc5 19. Qb4 Qxb4 20. Rxb4 Rfd8 21. Rc1 Rd4 22. Rb3 Rd2 23. a4 Bd4 24. Rf1 Rd8 25. Rbb1 Ra2 26. Bd1 Bc5 27. Bb3 Rad2 28. Rbd1 R8d4 29. Rxd2 Rxd2 30. g3 Rd3 31. Bd1 Rxg3+ 32. Kh2 Rd3 33. Kg2 Rd4 34. Bf3 Rxc4 35. Ra1 Rc2 36. Rf1 Bd4 37. Bd1 Rd2 38. Kg3 Kg7 39. f4 c5 40. f5 Be5+ 41. Kh4 Rg2 42. Rf3 Bf6# 0-1

[Event "Johannesburg Tsogo Sun op"]
[Site "Johannesburg"]
[Date "2015.07.18"]
[Round "6"]
[White "Dykema, Dirkho"]
[Black "Basson, Petrus"]
[Result "1/2-1/2"]
[WhiteElo "1438"]
[BlackElo "1701"]
[PlyCount "69"]
[EventDate "2015.07.15"]
[EventType "swiss"]
[EventRounds "9"]
[EventCountry "RSA"]
[SourceTitle "CBM 167 Extra"]
[Source "ChessBase"]
[SourceDate "2015.09.14"]
[SourceVersion "1"]
[SourceVersionDate "2015.09.14"]
[SourceQuality "1"]

1. d4 Nf6 2. c4 g6 3. Nc3 d5 4. cxd5 Nxd5 5. e4 Nxc3 6. bxc3 Bg7 7. Nf3 c5 8. Be3 cxd4 9. cxd4 0-0 10. Rc1 Qa5+ 11. Qd2 Qxd2+ 12. Kxd2 Nc6 13. Bb5 Rd8 14. Bxc6 bxc6 15. Rhd1 e5 16. Ke1 Bg4 17. dxe5 Bxf3 18. Rxd8+ Rxd8 19. gxf3 Bxe5 20. f4 Bb2 21. Rxc6 a5 22. Bb6 Re8 23. e5 a4 24. Rd6 g5 25. Rd8 Rxd8 26. Bxd8 gxf4 27. Bf6 h6 28. Ke2 Kh7 29. Kf3 Bc1 30. Ke4 Kg6 31. f3 Be3 32. Kd5 Bc1 33. Kc4 Kf5 34. Kb4 a3 35. Be7 1/2-1/2

[Event "RSA-ch U14"]
[Site "Waterkloof"]
[Date "2015.04.08"]
[Round "8"]
[White "Dykema, Dirkho"]
[Black "Varden, Trevelyn"]
[Result "1-0"]
[WhiteElo "1330"]
[BlackElo "1376"]
[PlyCount "51"]
[EventDate "2015.04.04"]
[EventType "swiss"]
[EventRounds "9"]
[EventCountry "RSA"]
[SourceTitle "CBM 166 Extra"]
[Source "ChessBase"]
[SourceDate "2015.06.18"]
[SourceVersion "1"]
[SourceVersionDate "2015.06.18"]
[SourceQuality "1"]

1. d4 d5 2. f4 Nf6 3. e3 Bf5 4. c3 e6 5. Nf3 Nbd7 6. Bd3 Bxd3 7. Qxd3 Ne4 8. 0-0 Be7 9. Qe2 0-0 10. Ne5 Ndf6 11. Nd2 Nxd2 12. Bxd2 Bd6 13. Be1 c5 14. Bh4 Be7 15. Bxf6 Bxf6 16. Qg4 Bxe5 17. fxe5 b6 18. Rf3 Kh8 19. Raf1 Qe7 20. Rh3 h6 21. Rf6 Kh7 22. Qh5 Kg8 23. Rxh6 gxh6 24. Qxh6 f6 25. Rg3+ Kf7 26. Qg6# 1-0

[Event "RSA-ch U14"]
[Site "Waterkloof"]
[Date "2015.04.04"]
[Round "2"]
[White "Dykema, Dirkho"]
[Black "Reddy, Ananta"]
[Result "0-1"]
[WhiteElo "1330"]
[BlackElo "1505"]
[PlyCount "104"]
[EventDate "2015.04.04"]
[EventType "swiss"]
[EventRounds "9"]
[EventCountry "RSA"]
[SourceTitle "CBM 166 Extra"]
[Source "ChessBase"]
[SourceDate "2015.06.18"]
[SourceVersion "1"]
[SourceVersionDate "2015.06.18"]
[SourceQuality "1"]

1. d4 d5 2. f4 c5 3. e3 Nf6 4. Nf3 Bf5 5. c3 e6 6. Bd3 Bg6 7. 0-0 Nbd7 8. Ne5 Rb8 9. Bc2 Qc7 10. Nd2 cxd4 11. exd4 b5 12. Nxd7 Nxd7 13. Nf3 b4 14. Bd2 bxc3 15. bxc3 Bxc2 16. Qxc2 g6 17. Ne5 Bg7 18. Rab1 0-0 19. Rxb8 Rxb8 20. Rb1 Rxb1+ 21. Qxb1 Bxe5 22. fxe5 Qb6 23. Qxb6 Nxb6 24. Kf1 Na4 25. Ke2 f5 26. exf6 Kf7 27. Kd3 Kxf6 28. g4 Nb2+ 29. Ke2 Nc4 30. Bc1 Nd6 31. h4 Ne4 32. Bb2 h5 33. gxh5 gxh5 34. Kf3 Kf5 35. Ba1 Nd2+ 36. Kg3 Nc4 37. Kf3 a6 38. Kg3 Ke4 39. Kg2 Kf4 40. Kh3 Kf3 41. a3 a5 42. a4 Kf4 43. Kg2 Kg4 44. Kf2 Kxh4 45. Kg2 Kg4 46. Kh2 h4 47. Kg2 h3+ 48. Kh2 Kh4 49. Kg1 Kg3 50. Kh1 h2 51. Bb2 Nxb2 52. c4 Nd3 0-1

[Event "RSA-ch U14"]
[Site "Waterkloof"]
[Date "2015.04.04"]
[Round "1"]
[White "Richter, Jan Michael"]
[Black "Dykema, Dirkho"]
[Result "0-1"]
[WhiteElo "1520"]
[BlackElo "1330"]
[PlyCount "30"]
[EventDate "2015.04.04"]
[EventType "swiss"]
[EventRounds "9"]
[EventCountry "RSA"]
[SourceTitle "CBM 166 Extra"]
[Source "ChessBase"]
[SourceDate "2015.06.18"]
[SourceVersion "1"]
[SourceVersionDate "2015.06.18"]
[SourceQuality "1"]

1. d4 d5 2. Bf4 Nf6 3. e3 g6 4. Nf3 Bg7 5. c4 0-0 6. Nc3 dxc4 7. Bxc4 c5 8. 0-0 cxd4 9. exd4 Bg4 10. d5 Qb6 11. Re1 Qxb2 12. Nb5 Ne8 13. Rb1 Qf6 14. Be5 Bxf3 15. Bxf6 Bxd1 0-1